| 000 | 00958nas a2200325 4500 | ||
|---|---|---|---|
| 001 | BR0701016 | ||
| 003 | BR-BrBNA | ||
| 005 | 20231205110559.0 | ||
| 007 | ta | ||
| 008 | 230509b bl.|||p| |||| 00| 00por d | ||
| 040 |
_aBR-BrBNA _bpor _cBiblioteca Nacional de Agricultura |
||
| 041 | _a(Pt) | ||
| 072 | _aQ03 | ||
| 100 | 1 | _aSiqueira, L.M. | |
| 100 | 1 | _aDelú, M.A. da F. | |
| 100 | 1 | _aSbampato, C.G. | |
| 100 | 1 | _aMendonça, A.T. | |
| 245 | 1 | _aOcorrência de gastroenterites relacionadas à ingestão e manipulação inadequada de alimentos | |
| 650 | _aALIMENTO | ||
| 650 | _aINSPEÇÃO SANITÁRIA | ||
| 650 | _aPESQUISA | ||
| 650 | _aHIGIENE DE ALIMENTO | ||
| 650 | _aPATOGENICIDADE | ||
| 650 | _aDIARRÉIA | ||
| 650 | _aINFECÇÃO | ||
| 650 | _aMINAS GERAIS | ||
| 773 | 0 |
_tHigiene Alimentar (Brazil) _xISSN 0101-9171 _g(Sep 2006), v. 20(144) p. 34-36 _wBR0701016 |
|
| 909 |
_a202311 _bLúcia _c55 _dLúcia Elande |
||
| 942 |
_2AGRIS _n0 _cANA |
||
| 999 |
_c188022 _d188022 |
||